000
00393nam a22001337a 4500
020
_a
1844892050
082
_a
910
100
_a
Andy Palmer
245
_a
Edexcel (A) advanced geography
260
_a
UK
_b
Philip Allan
_c
2005
300
_a
620p
942
_c
BK
999
_c
3425
_d
3425